Návrh učebnej pomôcky = Proposal textbook widgets : Diplomová práca

Gespeichert in:
Bibliographische Detailangaben
1. Verfasser: Gbelská, Alžbeta (Verfasst von)
Weitere Verfasser: Tomengová, Alena, 1956- (xxx)
Format: Manuskript Buch
Sprache:Slowakisch
Veröffentlicht: Trnava : STU v Bratislave MTF UIPH, 2009
Tags: Tag hinzufügen
Keine Tags, Fügen Sie das erste Tag hinzu!

MARC

LEADER 00000ntm a22000003a 4500
001 stu198876
005 20160719160054.6
008 100125s2009----xo------------------slo-d
040 |a STU  |b slo 
041 0 |a slo 
044 |a xo 
100 1 |a Gbelská, Alžbeta  |4 aut 
245 1 |a Návrh učebnej pomôcky = Proposal textbook widgets :  |b Diplomová práca 
260 |a Trnava :  |b STU v Bratislave MTF UIPH,  |c 2009 
300 |a 84 s  |c 1 CD-ROM 
500 |a Študijný program: učiteľstvo technických profesijných predmetov 
500 |a Študijný odbor: 1.1.2 učiteľstvo profesijných predmetov a praktickej prípravy 
700 1 |a Tomengová, Alena,  |d 1956-  |4 xxx  |u M390  |U MTF Materiálovotechnologická fakulta  |T MTF Katedra environmentálneho a bezpečnostného inžinierstva  |X 53878  |U M390  |Y 177  |7 A000053878 
996 |b 284M077746  |c M*DP-8697  |l MMSKP  |s P  |a 0  |w stu198876_0001